What is design for six sigma? / (Record no. 1084)

MARC details
000 -LEADER
fixed length control field 00680nam a2200205 ar4500
001 - CONTROL NUMBER
control field 1085
005 - DATE AND TIME OF LATEST TRANSACTION
control field 20221127090133.0
008 - FIXED-LENGTH DATA ELEMENTS--GENERAL INFORMATION
fixed length control field 081213s xxua 00010 eng d
020 ## - INTERNATIONAL STANDARD BOOK NUMBER
International Standard Book Number 0071423893 :
Terms of availability SR92.00
082 04 - DEWEY DECIMAL CLASSIFICATION NUMBER
Classification number 658.4013
Item number C314 2005
100 1# - MAIN ENTRY--PERSONAL NAME
Personal name Cavanagh, Ronald R.
245 10 - TITLE STATEMENT
Title What is design for six sigma? /
Statement of responsibility, etc. Ronald Cavanagh, Robert Neuman, Peter Pande.
260 ## - PUBLICATION, DISTRIBUTION, ETC.
Place of publication, distribution, etc. New York :
Name of publisher, distributor, etc. McGraw-Hill,
Date of publication, distribution, etc. 2005.
300 ## - PHYSICAL DESCRIPTION
Extent vii, 87 p. :
Other physical details ill. ;
Dimensions 23 cm.
650 #4 - SUBJECT ADDED ENTRY--TOPICAL TERM
Topical term or geographic name entry element Six sigma(Quality control standard)
650 #4 - SUBJECT ADDED ENTRY--TOPICAL TERM
Topical term or geographic name entry element Quality control
General subdivision Statistical methods
650 #4 - SUBJECT ADDED ENTRY--TOPICAL TERM
Topical term or geographic name entry element Production control.
700 0# - ADDED ENTRY--PERSONAL NAME
Personal name Neuman, Robert P.,
Relator term jt. auth.
700 0# - ADDED ENTRY--PERSONAL NAME
Personal name Pande, Peter S.,
Relator term jt. auth.
Holdings
Withdrawn status Lost status Source of classification or shelving scheme Damaged status Not for loan Home library Current library Date acquired Total Checkouts Full call number Barcode Date last seen Copy number Price effective from Koha item type
          CENTRAL CENTRAL 11/27/2022   658.4013 C314 2005 1000000001658 11/27/2022 C1 11/27/2022 Book
          CENTRAL CENTRAL 11/27/2022   658.4013 C314 2005 1000000001659 11/27/2022 C2 11/27/2022 Book